LEADER 01335nam a2200241 i 4500 001 000000065541 003 CaOOAMICUS 005 20131031000000.0 008 131031s1956 xx u000 u ger u 013 $a36713 040 $aSeMil$bita 100 1 $aIserloh, Erwin <1915-1996>.$0(OLS)http://semarc/name/672 245 10$aGnade und Eucharistie in der philosophischen Theologie des Wilhelm von Ockham :$bihre Bedeutung für die Ursachen der Reformation /$cvon Erwin Iserloh ; mit einer Einleitung von Joseph Lortz. 260 $aWiesbaden :$bFranz Steiner,$c1956. 300 $aXL, 286 p. ;$c25 cm. 490 0 $aVeröffentlichungen des Instituts für europäische Geschichte Mainz ;$v8 600 04$aGuglielmo : di Ockham .$0(OLS)http://semarc/subject/2945 700 1 $aLortz, Joseph,$d<1887-1975>.$0(OLS)http://semarc/name/671 830 0$aVeröffentlichungen des Instituts für europäische Geschichte Mainz ;$v8.$0(OLS)http://semarc/title/31058 850 $aSeMil 852 $aSeMil$W1$xVenegono$y1$m2N I 95$j31694$B31694$CSeMilBibl$Z2$F31697 $81 996 $6245$aGnade und Eucharistie in der philosophischen Theologie des Wilhelm von Ockham :$bihre Bedeutung für die Ursachen der Reformation$9(OLS)http://semarc/title/104032 996 $6260$aWiesbaden :$bFranz Steiner$9(OLS)http://semarc/publisher/35850 LEADER 01350nam a2200277 i 4500 001 000000066107 003 CaOOAMICUS 005 20131105000000.0 008 131105s2002 xx u000 u ger u 013 $a37279 020 $a3-7966-1102-8 040 $aSeMil$bita 100 1 $aHennersperger, Anna.$0(OLS)http://semarc/name/33211 245 14$aEin ein(z)iges Presbyterium :$bzur Personalentwicklung von Priestern ; amtstheologische Reflexionen zu Daten der Studie Priester 2000 /$cAnna Hennersperger. 260 $aOstfildern :$bSchwabenverlag,$c2002. 300 $a418 p. ;$c24 cm. 650 4$aPresbiteri.$0(OLS)http://semarc/subject/2612 650 4$aSacerdozio - Teologia.$0(OLS)http://semarc/subject/1982 650 4$aSacerdoti - Ministero - Pastorale.$0(OLS)http://semarc/subject/5202 650 4$aMinistero ordinato.$0(OLS)http://semarc/subject/8558 850 $aSeMil 852 $aSeMil$W1$xVenegono$y1$m3G IV 348$j32260$B32260$CSeMilBibl$Z2$F32263 $81 961 $aOmaggio: Bressan don Luca 996 $6020$a3-7966-1102-8$9(OLS)http://semarc/number/43642 996 $6245$aEin ein(z)iges Presbyterium :$bzur Personalentwicklung von Priestern ; amtstheologische Reflexionen zu Daten der Studie Priester 2000$9(OLS)http://semarc/title/105067 996 $6260$aOstfildern :$bSchwabenverlag$9(OLS)http://semarc/publisher/32395 LEADER 01222nam a2200253 i 4500 001 000000199879 003 CaOOAMICUS 005 20110329000000.0 008 110329s2011 it u000 u ita u 013 $a178575 040 $aSeMil$bita 245 10$aAlla riscoperta di Giovanni Calvino :$be del suo messaggio a cinquecento anni dalla sua nascita /$ca cura di Michele Cassese. 260 $aVenezia :$bISE "San Bernardino",$c2011. 300 $a182 p. ;$c21 cm. 490 0 $aQuaderni di Studi Ecumenici ;$v22. 500 $aSupplemento al n. 3/2010 della rivista "Studi Ecumenici". 650 4$aCalvino, Giovanni - Pensiero teologico.$0(OLS)http://semarc/subject/30410 700 1 $aCassese, Michele.$0(OLS)http://semarc/name/4532 830 0$aQuaderni di Studi Ecumenici ;$v22.$0(OLS)http://semarc/title/79 850 $aSeMil 852 $aSeMil$W1$xVenegono$y1$m107 1 122$j150413$B150413$CSeMilBibl$Z2$F161774 $85 961 $aCambio: Scuola Cattolica 996 $6245$aAlla riscoperta di Giovanni Calvino :$be del suo messaggio a cinquecento anni dalla sua nascita$9(OLS)http://semarc/title/288961 996 $6260$aVenezia :$bISE "San Bernardino"$9(OLS)http://semarc/publisher/48530 LEADER 00907nam a2200229 i 4500 001 000000070311 003 CaOOAMICUS 005 20080901000000.0 008 080901s1995 it u000 u ita u 013 $a41483 020 $a88-372-1580-0 040 $aSeMil$bita 245 12$aL'età contemporanea. 300 $a447 p. 650 4$aChiesa - Storia - Sec. 19.-20.$0(OLS)http://semarc/subject/1028 700 1 $aMartina, Giacomo,$c.$0(OLS)http://semarc/name/708 773 0 $aMartina, Giacomo, $tStoria della Chiesa.$bNuova ed., riveduta e ampliata.$dBrescia : Morcelliana, 1993-1997.$g4$w()1530 850 $aSeMil 852 $aSeMil$W1$xVenegono$y1$m3A II 280$j36464$B36464$CSeMilBibl$Z2$F36467 $81 961 $aAcquisto: Morcelliana 996 $6020$a88-372-1580-0$9(OLS)http://semarc/number/49059 996 $6245$aL'età contemporanea$9(OLS)http://semarc/title/22391 LEADER 01163nam a2200289 i 4500 001 000000123990 003 CaOOAMICUS 005 20040317000000.0 008 040317s1993 it u000 u ita u 013 $a96686 020 $a88-04-37475-6 040 $aSeMil$bita 100 1 $aFromm, Erich,$d<1900-1980>.$0(OLS)http://semarc/name/17422 245 10$aAnima e società /$cErich Fromm ; prefazione di Rainer Funk. 260 $aMilano :$bArnoldo Mondadori Editore,$c1993. 300 $a192 p. ;$c23 cm. 490 0 $aSaggi 650 4$aPsicologia sociale.$0(OLS)http://semarc/subject/627 650 4$aIndividuo e società.$0(OLS)http://semarc/subject/5183 700 1 $aFunk, Rainer,$d<1943- >.$0(OLS)http://semarc/name/20346 830 0$aSaggi.$0(OLS)http://semarc/title/341 850 $aSeMil 852 $aSeMil$W1$xVenegono$y1$m2O VII 41$j78626$B78626$CSeMilBibl$Z2$F81032 $81 961 $aRecupero: Seminario di Seveso 996 $6020$a88-04-37475-6$9(OLS)http://semarc/number/109671 996 $6245$aAnima e società$9(OLS)http://semarc/title/182408 996 $6260$aMilano :$bArnoldo Mondadori Editore$9(OLS)http://semarc/publisher/30056 LEADER 01175nam a2200277 i 4500 001 000000247899 003 CaOOAMICUS 005 20160211000000.0 008 160211s2003 it u000 u mul u 013 $a226804 020 $a88-372-1973-3 040 $aSeMil$bita 100 1 $aTaranto, Salvatore.$0(OLS)http://semarc/name/82969 245 10$aAgostino e la filosofia dell'amore /$cSalvatore Taranto. 260 $aBrescia :$bMorcelliana,$c2003. 300 $a337 p. ;$c23 cm. 490 0 $aLetteratura cristiana antica 600 04$aAgostino, Aurelio .$0(OLS)http://semarc/subject/1856 650 4$aAgostino, Aurelio - Concetto di amore.$0(OLS)http://semarc/subject/14523 830 0$aLetteratura cristiana antica.$0(OLS)http://semarc/title/8308 850 $aSeMil 852 $aSeMil$W1$xVenegono$y1$m2TA C 8$j228348$B198245$CSeMilBibl$Z2$F209411 $81 961 $aAcquisto: Città Nuova (Agente) 996 $6020$a88-372-1973-3$9(OLS)http://semarc/number/257374 996 $6245$aAgostino e la filosofia dell'amore$9(OLS)http://semarc/title/349946 996 $6260$aBrescia :$bMorcelliana$9(OLS)http://semarc/publisher/29629 LEADER 01589nam a2200337 i 4500 001 000000073364 003 CaOOAMICUS 005 20090616000000.0 008 090616s1985 xxu u000 u eng u 013 $a44536 020 $a0-300-03129-7 040 $aSeMil$bita 100 1 $aMore, Thomas,$c.$0(OLS)http://semarc/name/1481 245 14$aThe answer to a poisoned book /$cThomas More ; edited by Stephen Merriam Foley and Clarence H. Miller. 260 $aNew Haven ; London :$bYale University Press,$c1985. 300 $axcii, 424 p., [8] c. di tav. :$bill. ;$c24 cm. 650 4$aEucaristia.$0(OLS)http://semarc/subject/3487 650 4$aTransustanziazione - Controversie teologiche - Ante 1800.$0(OLS)http://semarc/subject/12778 650 4$aTyndale, William <1492-1536>.$0(OLS)http://semarc/subject/3368 700 1 $aMiller, Clarence Harvey,$d<1930-2019>.$0(OLS)http://semarc/name/9609 700 1 $aFoley, Stephen Merriam.$0(OLS)http://semarc/name/36284 773 0 $tComplete works of St. Thomas More.$dNew Haven ; London : Yale University Press, 1963-1997.$g11$w()1636 850 $aSeMil 852 $aSeMil$W1$xVenegono$y1$m2Q V 104$j39516$B39516$CSeMilBibl$Z2$F39520 $81 900 0 $aTommaso : Moro. 900 0 $aThomas : More. 996 $6020$a0-300-03129-7$9(OLS)http://semarc/number/52820 996 $6245$aThe answer to a poisoned book$9(OLS)http://semarc/title/118445 996 $6260$aNew Haven ; London :$bYale University Press$9(OLS)http://semarc/publisher/30327